{"text_format":"3","workbook":"xlsx","n_sheets":1,"sheets":["Worksheet"],"read":"whole","date_system":"1900"}

{"sheet":"Worksheet","index":0,"n_rows":48,"n_cols":22,"rows_kept":48}
["№","Район","Код участника","Название ОУ","СНИЛС","Фамилия","Имя","Отчество","Пол","Дата рождения","Участник с ОВЗ","Класс","Класс участия","Балл","Добавлено баллов по итогам апелляции","Итоговый балл","Макс. балл","Статус","Призер республиканского / регионального этапа прошлого года","Учитель","Место работы учителя","Предмет"]
[58074,"Атнинский район","194001_18373178798_56","Муниципальное бюджетное общеобразовательное учреждение «Большеатнинская средняя общеобразовательная школа» Атнинского муниципального района",18373178798,"Исхаков","Нариман","Ирекович","м","11.08.2014","нет",4,4,15,0,15,100,"участник",null,"Гарипова Л.р.","Муниципальное бюджетное общеобразовательное учреждение «Большеатнинская средняя общеобразовательная школа» Атнинского муниципального района Республики Татарстан","Математика (РОШ)"]
[58075,"Атнинский район","194001_18066137065_56","Муниципальное бюджетное общеобразовательное учреждение «Большеатнинская средняя общеобразовательная школа» Атнинского муниципального района",18066137065,"Кабиров","Саит","Айратович","м","19.03.2014","нет",4,4,20,0,20,100,"участник",null,"Гарипова Л.р.","Муниципальное бюджетное общеобразовательное учреждение «Большеатнинская средняя общеобразовательная школа» Атнинского муниципального района Республики Татарстан","Математика (РОШ)"]
[58076,"Атнинский район","194001_18103614130_56","Муниципальное бюджетное общеобразовательное учреждение «Большеатнинская средняя общеобразовательная школа» Атнинского муниципального района",18103614130,"Мухаметзянов","Данир","Ревалевич","м","12.04.2014","нет",4,4,45,0,45,100,"призер",null,"Гарипова Л.р.","Муниципальное бюджетное общеобразовательное учреждение «Большеатнинская средняя общеобразовательная школа» Атнинского муниципального района Республики Татарстан","Математика (РОШ)"]
[58077,"Атнинский район","194001_17989289776_56","Муниципальное бюджетное общеобразовательное учреждение «Большеатнинская средняя общеобразовательная школа» Атнинского муниципального района",17989289776,"Аширов","Артур","Ринатович","м","13.01.2014","нет",4,4,10,0,10,100,"участник",null,"Шарафутдинова А.ф.","Муниципальное бюджетное общеобразовательное учреждение «Большеатнинская средняя общеобразовательная школа» Атнинского муниципального района Республики Татарстан","Математика (РОШ)"]
[58078,"Атнинский район","194001_18529866833_56","Муниципальное бюджетное общеобразовательное учреждение «Большеатнинская средняя общеобразовательная школа» Атнинского муниципального района",18529866833,"Сафиуллин","Данияр","Алмазович","м","26.10.2014","нет",4,4,40,0,40,100,"призер",null,"Шарафутдинова А.ф.","Муниципальное бюджетное общеобразовательное учреждение «Большеатнинская средняя общеобразовательная школа» Атнинского муниципального района Республики Татарстан","Математика (РОШ)"]
[58079,"Атнинский район","194001_18279017191_56","Муниципальное бюджетное общеобразовательное учреждение «Большеатнинская средняя общеобразовательная школа» Атнинского муниципального района",18279017191,"Сибагатуллин","Аяз","Алмазович","м","25.07.2014","нет",4,4,15,0,15,100,"участник",null,"Шарафутдинова А.ф.","Муниципальное бюджетное общеобразовательное учреждение «Большеатнинская средняя общеобразовательная школа» Атнинского муниципального района Республики Татарстан","Математика (РОШ)"]
[58080,"Атнинский район","194001_18217930779_56","Муниципальное бюджетное общеобразовательное учреждение «Большеатнинская средняя общеобразовательная школа» Атнинского муниципального района",18217930779,"Сабирзянова","Адиля","Айнуровна","ж","27.06.2014","нет",4,4,15,0,15,100,"участник",null,"Гарипова Т.ф.","Муниципальное бюджетное общеобразовательное учреждение «Большеатнинская средняя общеобразовательная школа» Атнинского муниципального района Республики Татарстан","Математика (РОШ)"]
[58081,"Атнинский район","194001_18013885766_56","Муниципальное бюджетное общеобразовательное учреждение «Большеатнинская средняя общеобразовательная школа» Атнинского муниципального района",18013885766,"Шарафиева","Лилия","Ильфатовна","ж","04.02.2014","нет",4,4,10,0,10,100,"участник",null,"Гарипова Т.ф.","Муниципальное бюджетное общеобразовательное учреждение «Большеатнинская средняя общеобразовательная школа» Атнинского муниципального района Республики Татарстан","Математика (РОШ)"]
[58102,"Атнинский район","194001_17815039987_56","Муниципальное бюджетное общеобразовательное учреждение «Большеатнинская средняя общеобразовательная школа» Атнинского муниципального района",17815039987,"Гайфуллина","Аида","Маратовна","ж","01.09.2013","нет",5,5,10,0,10,100,"участник",null,"Исхакова Г.р.","Муниципальное бюджетное общеобразовательное учреждение «Большеатнинская средняя общеобразовательная школа» Атнинского муниципального района Республики Татарстан","Математика (РОШ)"]
[58103,"Атнинский район","194001_17884563536_56","Муниципальное бюджетное общеобразовательное учреждение «Большеатнинская средняя общеобразовательная школа» Атнинского муниципального района",17884563536,"Сайфутдинов","Замир","Рустемович","м","20.10.2013","нет",5,5,12,0,12,100,"участник",null,"Исхакова Г.р.","Муниципальное бюджетное общеобразовательное учреждение «Большеатнинская средняя общеобразовательная школа» Атнинского муниципального района Республики Татарстан","Математика (РОШ)"]
[58104,"Атнинский район","194001_17815040265_56","Муниципальное бюджетное общеобразовательное учреждение «Большеатнинская средняя общеобразовательная школа» Атнинского муниципального района",17815040265,"Хакимзянова","Залина","Фанзилевна","ж","05.09.2013","нет",5,5,40,0,40,100,"призер",null,"Хафизова Р.д.","Муниципальное бюджетное общеобразовательное учреждение «Большеатнинская средняя общеобразовательная школа» Атнинского муниципального района","Математика (РОШ)"]
[58105,"Атнинский район","194001_17706775809_56","Муниципальное бюджетное общеобразовательное учреждение «Большеатнинская средняя общеобразовательная школа» Атнинского муниципального района",17706775809,"Ханафиев","Султан","Маратович","м","10.06.2013","нет",5,5,20,0,20,100,"участник",null,"Хафизова Р.д.","Муниципальное бюджетное общеобразовательное учреждение «Большеатнинская средняя общеобразовательная школа» Атнинского муниципального района","Математика (РОШ)"]
[58111,"Атнинский район","194001_17338248382_56","Муниципальное бюджетное общеобразовательное учреждение «Большеатнинская средняя общеобразовательная школа» Атнинского муниципального района",17338248382,"Сафиуллина","Альфия","Алмазовна","ж","03.09.2012","нет",6,6,15,0,15,100,"участник",null,"Файзуллина Н.к.","Муниципальное бюджетное общеобразовательное учреждение «Большеатнинская средняя общеобразовательная школа» Атнинского муниципального района Республики Татарстан","Математика (РОШ)"]
[58112,"Атнинский район","194001_17074847589_56","Муниципальное бюджетное общеобразовательное учреждение «Большеатнинская средняя общеобразовательная школа» Атнинского муниципального района",17074847589,"Назмиев","Нафис","Альфредович","м","09.03.2012","нет",6,6,20,0,20,100,"участник",null,"Файзуллина Н.к.","Муниципальное бюджетное общеобразовательное учреждение «Большеатнинская средняя общеобразовательная школа» Атнинского муниципального района Республики Татарстан","Математика (РОШ)"]
[58113,"Атнинский район","194001_17450707872_56","Муниципальное бюджетное общеобразовательное учреждение «Большеатнинская средняя общеобразовательная школа» Атнинского муниципального района",17450707872,"Шарипова","Залия","Фанисовна","ж","17.11.2012","да",6,6,15,0,15,100,"участник",null,"Файзуллина Н.к.","Муниципальное бюджетное общеобразовательное учреждение «Большеатнинская средняя общеобразовательная школа» Атнинского муниципального района Республики Татарстан","Математика (РОШ)"]
[58114,"Атнинский район","194001_17282628890_56","Муниципальное бюджетное общеобразовательное учреждение «Большеатнинская средняя общеобразовательная школа» Атнинского муниципального района",17282628890,"Ахмадуллин","Сулейман","Саидович","м","19.07.2012","нет",6,6,25,0,25,100,"участник",null,"Файзуллина Н.к.","Муниципальное бюджетное общеобразовательное учреждение «Большеатнинская средняя общеобразовательная школа» Атнинского муниципального района Республики Татарстан","Математика (РОШ)"]
[58115,"Атнинский район","194001_17275725594_56","Муниципальное бюджетное общеобразовательное учреждение «Большеатнинская средняя общеобразовательная школа» Атнинского муниципального района",17275725594,"Самиков","Рамазан","Рамилевич","м","04.07.2012","нет",6,6,23,0,23,100,"участник",null,"Файзуллина Н.к.","Муниципальное бюджетное общеобразовательное учреждение «Большеатнинская средняя общеобразовательная школа» Атнинского муниципального района Республики Татарстан","Математика (РОШ)"]
[58116,"Атнинский район","194001_17440046141_56","Муниципальное бюджетное общеобразовательное учреждение «Большеатнинская средняя общеобразовательная школа» Атнинского муниципального района",17440046141,"Гатауллин","Эмиль","Шамилевич","м","03.11.2012","нет",6,6,21,0,21,100,"участник",null,"Файзуллина Н.к.","Муниципальное бюджетное общеобразовательное учреждение «Большеатнинская средняя общеобразовательная школа» Атнинского муниципального района","Математика (РОШ)"]
[58073,"Атнинский район","194002_18270850580_56","Муниципальное бюджетное общеобразовательное учреждение «Берескинская средняя общеобразовательная школа» Атнинского муниципального района",18270850580,"Фазулзянов","Айрат","Радикович","м","24.07.2014","нет",4,4,15,0,15,100,"участник",null,"Сагдиева Айсылу Фидаилевна","МБОУ \"Берескинская СОШ\"","Математика (РОШ)"]
[58090,"Атнинский район","194002_17939003601_56","Муниципальное бюджетное общеобразовательное учреждение «Берескинская средняя общеобразовательная школа» Атнинского муниципального района",17939003601,"Латипов","Данияр","Ниязович","м","15.11.2013","нет",5,5,6,0,6,100,"участник",null,"Давлетшина Надия Вафовна","МБОУ \"Берескинская СОШ\"","Математика (РОШ)"]
[58091,"Атнинский район","194002_17956599051_56","Муниципальное бюджетное общеобразовательное учреждение «Берескинская средняя общеобразовательная школа» Атнинского муниципального района",17956599051,"Нигметзянов","Анвар","Айратович","м","15.12.2013","нет",5,5,10,0,10,100,"участник",null,"Давлетшина Надия Вафовна","МБОУ \"Берескинская СОШ\"","Математика (РОШ)"]
[58082,"Атнинский район","194003_17857175423_56","Муниципальное бюджетное общеобразовательное учреждение «Староузюмская основная общеобразовательная школа» Атнинского муниципального района",17857175423,"Хуснутдинов","Риназ","Илназович","м","01.10.2013","нет",4,4,20,0,20,100,"участник",null,"Шарифзянова Рамзия Вадутовна","Муниципальное бюджетное общеобразовательное учреждение \"Староузюмская ООШ\" Атнинского муниципального района Республики Татарстан","Математика (РОШ)"]
[58083,"Атнинский район","194003_17928396029_56","Муниципальное бюджетное общеобразовательное учреждение «Староузюмская основная общеобразовательная школа» Атнинского муниципального района",17928396029,"Фархутдинова","Адэлия","Хайратовна","ж","22.11.2013","нет",4,4,20,0,20,100,"участник",null,"Шарифзянова Рамзия Вадутовна","Муниципальное бюджетное общеобразовательное учреждение \"Староузюмская ООШ\" Атнинского муниципального района Республики Татарстан","Математика (РОШ)"]
[58092,"Атнинский район","194003_17781391107_56","Муниципальное бюджетное общеобразовательное учреждение «Староузюмская основная общеобразовательная школа» Атнинского муниципального района",17781391107,"Ахметов","Алмаз","Айратович","м","06.08.2013","нет",5,5,65,0,65,100,"победитель",null,"Кашшапова Гульзида Гарифулловна","Муниципальное бюджетное общеобразовательное учреждение \"Староузюмская ООШ\" Атнинского муниципального района Республики Татарстан","Математика (РОШ)"]
[58117,"Атнинский район","194003_17074847488_56","Муниципальное бюджетное общеобразовательное учреждение «Староузюмская основная общеобразовательная школа» Атнинского муниципального района",17074847488,"Сабирова","Камилла","Данилевна","ж","23.02.2012","нет",6,6,0,0,0,100,"участник",null,"Кашшапова Гульзида Гарифулловна","Муниципальное бюджетное общеобразовательное учреждение \"Староузюмская ООШ\" Атнинского муниципального района Республики Татарстан","Математика (РОШ)"]
[58106,"Атнинский район","194004_17893541428_56","Муниципальное бюджетное общеобразовательное учреждение «Новошашинская основная общеобразовательная школа» Атнинского муниципального района",17893541428,"Закиров","Айнур","Айратович","м","31.10.2013","нет",5,5,0,0,0,100,"участник",null,"Саляхов Ильнур Мансурович","МБОУ \"Новошашинская ООШ\" Атнинского муниципального района РТ","Математика (РОШ)"]
[58107,"Атнинский район","194004_17542735181_56","Муниципальное бюджетное общеобразовательное учреждение «Новошашинская основная общеобразовательная школа» Атнинского муниципального района",17542735181,"Низамова","Саида","Рамисовна","ж","13.05.2013","нет",5,5,0,0,0,100,"участник",null,"Саляхов Ильнур Мансурович","МБОУ \"Новошашинская ООШ\" Атнинского муниципального района РТ","Математика (РОШ)"]
[58108,"Атнинский район","194004_17405362758_56","Муниципальное бюджетное общеобразовательное учреждение «Новошашинская основная общеобразовательная школа» Атнинского муниципального района",17405362758,"Зарипов","Асхат","Айнурович","м","14.10.2012","нет",6,6,10,0,10,100,"участник",null,"Камалетдинова Алсу Галятдиновна","Муниципальное бюджетное общеобразовательное учреждение «Большеменгерская основная общеобразовательная школа» Атнинского муниципального района Республики Татарстан","Математика (РОШ)"]
[58109,"Атнинский район","194004_17257914797_56","Муниципальное бюджетное общеобразовательное учреждение «Новошашинская основная общеобразовательная школа» Атнинского муниципального района",17257914797,"Ракипова","Разиля","Рамилевна","ж","29.06.2012","нет",6,6,6,0,6,100,"участник",null,"Камалетдинова Алсу Галятдиновна","Муниципальное бюджетное общеобразовательное учреждение «Большеменгерская основная общеобразовательная школа» Атнинского муниципального района Республики Татарстан","Математика (РОШ)"]
[58110,"Атнинский район","194004_17066378988_56","Муниципальное бюджетное общеобразовательное учреждение «Новошашинская основная общеобразовательная школа» Атнинского муниципального района",17066378988,"Сабитов","Даниэль","Русланович","м","20.02.2024","нет",6,6,0,0,0,100,"участник",null,"Камалетдинова Алсу Галятдиновна","Муниципальное бюджетное общеобразовательное учреждение «Большеменгерская основная общеобразовательная школа» Атнинского муниципального района Республики Татарстан","Математика (РОШ)"]
[58084,"Атнинский район","194006_18037835480_56","Муниципальное бюджетное общеобразовательное учреждение «Коморгузинская средняя общеобразовательная школа» Атнинского муниципального района",18037835480,"Гарипов","Инсаф","Ленарович","м","24.02.2014","нет",4,4,5,0,5,100,"участник",null,"Сибгатуллина Алсу Фарилевна","Коморгузинская СОШ","Математика (РОШ)"]
[58085,"Атнинский район","194006_18093473185_56","Муниципальное бюджетное общеобразовательное учреждение «Коморгузинская средняя общеобразовательная школа» Атнинского муниципального района",18093473185,"Мухаметзянов","Дамир","Робертович","м","17.04.2014","нет",4,4,5,0,5,100,"участник",null,"Сибгатуллина Алсу Фарилевна","Коморгузинская СОШ","Математика (РОШ)"]
[58093,"Атнинский район","194007_18188157302_56","Муниципальное бюджетное общеобразовательное учреждение «Кулле-Киминская основная общеобразовательная школа имени Сибгата Хакима» Атнинского муниципального района",18188157302,"Нуриев","Айнур","Рамилевич","м","29.04.2014","нет",5,5,10,0,10,100,"участник",null,"Сафиуллин А.а.","МБОУ \"Кулле Киминская ООШ\"","Математика (РОШ)"]
[58119,"Атнинский район","194008_17191724173_56","Муниципальное бюджетное общеобразовательное учреждение «Кунгерская средняя общеобразовательная школа» Атнинского муниципального района",17191724173,"Валиев","Инсаф","Ильнарович","м","15.05.2012","нет",6,6,21,0,21,100,"участник",null,"Ахатова Л.а.","МБОУ \"Кунгерская СОШ\"","Математика (РОШ)"]
[58086,"Атнинский район","194009_18037835581_56","Муниципальное бюджетное общеобразовательное учреждение «Кубянская средняя общеобразовательная школа» Атнинского муниципального района",18037835581,"Шигапов","Ранил","Наилович","м","20.02.2014","нет",4,4,25,0,25,100,"участник",null,"Сафина Резеда Рашатовна","Муниципальное бюджетное общеобразовательное учреждение \"Кубянская средняя общеобразовательная школа\" Атнинского муниципального района РТ","Математика (РОШ)"]
[58087,"Атнинский район","194009_17998811865_56","Муниципальное бюджетное общеобразовательное учреждение «Кубянская средняя общеобразовательная школа» Атнинского муниципального района",17998811865,"Гатауллин","Ришат","Ильнарович","м","25.01.2014","нет",4,4,15,0,15,100,"участник",null,"Сафина Резеда Рашатовна","Муниципальное бюджетное общеобразовательное учреждение \"Кубянская средняя общеобразовательная школа\" Атнинского муниципального района РТ","Математика (РОШ)"]
[58094,"Атнинский район","194009_17557079103_56","Муниципальное бюджетное общеобразовательное учреждение «Кубянская средняя общеобразовательная школа» Атнинского муниципального района",17557079103,"Василова","Алия","Халиловна","ж","09.02.2013","нет",5,5,46,0,46,100,"призер",null,"Гатауллина Гульназ Рахимановна","МБОУ \"Кубянская СОШ\"","Математика (РОШ)"]
[58095,"Атнинский район","194009_17796203515_56","Муниципальное бюджетное общеобразовательное учреждение «Кубянская средняя общеобразовательная школа» Атнинского муниципального района",17796203515,"Хадиева","Иделия","Рамилевна","ж","30.07.2013","нет",5,5,18,0,18,100,"участник",null,"Гатауллина Гульназ Рахимановна","МБОУ \"Кубянская СОШ\"","Математика (РОШ)"]
[58096,"Атнинский район","194009_17733494097_56","Муниципальное бюджетное общеобразовательное учреждение «Кубянская средняя общеобразовательная школа» Атнинского муниципального района",17733494097,"Низамова","Дарина","Робертовна","ж","09.07.2013","нет",5,5,25,0,25,100,"участник",null,"Гатауллина Гульназ Рахимановна","МБОУ \"Кубянская СОШ\"","Математика (РОШ)"]
[58097,"Атнинский район","194009_17618867318_56","Муниципальное бюджетное общеобразовательное учреждение «Кубянская средняя общеобразовательная школа» Атнинского муниципального района",17618867318,"Галявиева","Алия","Алмазовна","ж","04.04.2013","нет",5,5,20,0,20,100,"участник",null,"Гатауллина Гульназ Рахимановна","Муниципальное бюджетное общеобразовательное учреждение \"Кубянская средняя общеобразовательная школа\" Атнинского муниципального района РТ","Математика (РОШ)"]
[58118,"Атнинский район","194009_17568182713_56","Муниципальное бюджетное общеобразовательное учреждение «Кубянская средняя общеобразовательная школа» Атнинского муниципального района",17568182713,"Халикова","Фирюза","Марселевна","ж","15.02.2013","нет",6,6,40,0,40,100,"призер",null,"Хабибуллина А.м.","Муниципальное бюджетное общеобразовательное учреждение «Кубянская средняя общеобразовательная школа» Атнинского муниципального района","Математика (РОШ)"]
[58088,"Атнинский район","194010_18082755386_56","Муниципальное бюджетное общеобразовательное учреждение «Большеменгерская основная общеобразовательная школа» Атнинского муниципального района",18082755386,"Мустафин","Анвар","Рамилевич","м","01.04.2014","нет",4,4,10,0,10,100,"участник",null,"Ракипов Разиль Рамилевич","Муниципальное бюджетное общеобразовательное учреждение «Большеменгерская основная общеобразовательная школа» Атнинского муниципального района Республики Татарстан","Математика (РОШ)"]
[58089,"Атнинский район","194010_18463445190_56","Муниципальное бюджетное общеобразовательное учреждение «Большеменгерская основная общеобразовательная школа» Атнинского муниципального района",18463445190,"Хасанова","Залина","Ильшатовна","ж","25.09.2014","нет",4,4,10,0,10,100,"участник",null,"Ракипов Разиль Рамилевич","Муниципальное бюджетное общеобразовательное учреждение «Большеменгерская основная общеобразовательная школа» Атнинского муниципального района Республики Татарстан","Математика (РОШ)"]
[58100,"Атнинский район","194010_17707568102_56","Муниципальное бюджетное общеобразовательное учреждение «Большеменгерская основная общеобразовательная школа» Атнинского муниципального района",17707568102,"Ганиев","Ильназ","Алмазович","м","18.06.2013","нет",5,5,0,0,0,100,"участник",null,"Ракипов Разиль Рамилевич","Муниципальное бюджетное общеобразовательное учреждение «Большеменгерская основная общеобразовательная школа» Атнинского муниципального района Республики Татарстан","Математика (РОШ)"]
[58101,"Атнинский район","194010_17700315341_56","Муниципальное бюджетное общеобразовательное учреждение «Большеменгерская основная общеобразовательная школа» Атнинского муниципального района",17700315341,"Ибрагимов","Искандер","Айратович","м","01.06.2013","нет",5,5,5,0,5,100,"участник",null,"Ракипов Разиль Рамилевич","Муниципальное бюджетное общеобразовательное учреждение «Большеменгерская основная общеобразовательная школа» Атнинского муниципального района Республики Татарстан","Математика (РОШ)"]
[58098,"Атнинский район","194011_17818937731_56","Муниципальное бюджетное общеобразовательное учреждение «Березинская основная общеобразовательная школа» Атнинского муниципального района",17818937731,"Зарипова","Сабрина","Шухратовна","ж","16.07.2013","нет",5,5,23,0,23,100,"участник",null,"Хайруллина Лейсания Аглюлловна","МБОУ \"Березинская ООШ\"","Математика (РОШ)"]
[58099,"Атнинский район","194011_17904576807_56","Муниципальное бюджетное общеобразовательное учреждение «Березинская основная общеобразовательная школа» Атнинского муниципального района",17904576807,"Хайруллина","Ралия","Рамилевна","ж","04.11.2013","нет",5,5,40,0,40,100,"призер",null,"Хайруллина Лейсания Аглюлловна","МБОУ \"Березинская ООШ\"","Математика (РОШ)"]